Juan Navarro Baldeweg (Record no. 15469)

MARC details
000 - LÍDER
campo de control de longitud fija 01096nam a2200241Ia 4500
008 - ELEMENTOS DE DATOS DE LONGITUD FIJA - INFORMACIÓN GENERAL
campo de control de longitud fija 0000001999 sp ad 0000000000mul00
090 ## - NÚMERO DE LLAMADA DE TIPO LC LOCALMENTE ASIGNADO (OCLC)
Número de clasificación (OCLC) (R) PSP00 J85j
100 1# - ENTRADA PRINCIPAL - NOMBRE PERSONAL
Nombre de la persona Juncosa, Enrique
Fechas asociadas a un nombre 1961
245 10 - TÍTULO DECLARACIÓN
Título Juan Navarro Baldeweg
Declaración de responsabilidad / texto Enrique Juncosa ; traducción Anthony J. Wentzel ; fotografías Mateo Gamón
260 ## - PUBLICACIÓN, DISTRIBUCIÓN
Lugar de publicación Valencia (España) : Galería Luis Adelantado
Fecha de publicación 1999
300 ## - DESCRIPCIÓN FÍSICA
Alcance 60 p.
Dimensiones / 28 cm.
500 ## - NOTA GENERAL
Nota general Exposición realizada en la Galería Luis Adelantado de Valencia, Espa, en los meses de abril y mayo de 1999 \ Icluye datos biográficos y cronología artística \ Texto en español e inglés \ Donación Galería Nueve Ochenta, Bogotá 2014
501 ## - Con nota
Con nota TEXTO: Retrato del pintor como Perseo
600 00 - ENTRADA DE SUJETO AÑADIDO - NOMBRE PERSONAL
Nombre de la persona NAVARRO BALDEWEG, JUAN, 1939/
Subdivisión general TRABAJOS PICTORICOS
650 14 - ENTRADA DE SUJETO AÑADIDO - TÉRMINO TÓPICO
Término tópico o elemento de entrada del nombre geográfico ARTE CONTEMPORANEO ESPAÑOL
650 14 - ENTRADA DE SUJETO AÑADIDO - TÉRMINO TÓPICO
Término tópico o elemento de entrada del nombre geográfico ARTISTAS PLASTICOS ESPAÑOLES EXPOSIONES
650 14 - ENTRADA DE SUJETO AÑADIDO - TÉRMINO TÓPICO
Subdivisión general CATALOGOS
650 14 - ENTRADA DE SUJETO AÑADIDO - TÉRMINO TÓPICO
Subdivisión general EXPOSICIONES
650 14 - ENTRADA DE SUJETO AÑADIDO - TÉRMINO TÓPICO
Término tópico o elemento de entrada del nombre geográfico PINTORES ESPAÑOLES
650 14 - ENTRADA DE SUJETO AÑADIDO - TÉRMINO TÓPICO
Término tópico o elemento de entrada del nombre geográfico PINTURA AL OLEO
650 14 - ENTRADA DE SUJETO AÑADIDO - TÉRMINO TÓPICO
Término tópico o elemento de entrada del nombre geográfico PINTURA ESPAÑOLA
650 14 - ENTRADA DE SUJETO AÑADIDO - TÉRMINO TÓPICO
Término tópico o elemento de entrada del nombre geográfico PINTURA SOBRE TELA
Holdings
Estado de retirada Pérdida de estatus Estado dañado No para préstamo Código de recogida Ubicación permanente Ubicación actual Ubicación de las estanterías Fecha de adquisición Número de llamada completo Código de barras Fecha de la última vez que se vio Número de copia Precio efectivo desde Tipo de artículo Koha
        General ArtNexus ArtNexus General 06/09/2022 P-SP-00 J85J 15671 06/09/2022 Ej.1 06/09/2022 Libro

Powered by Koha